000 00358nam a22001577a 4500
003 MPLRDC
005 20220104123823.0
008 210129b ||||| |||| 00| 0 eng d
082 _a019.1 JWE*
100 _a纪伟恩编著
245 _a读书与进修
_c
260 _a
_b新时代出版社
_c
300 _b
650 _a
942 _cBK
_o019.1 JWE*
999 _c14466
_d14456